=LDR 00000nam 2200000 4500 =001 INLIS000000000037223 =005 20130612142949 =008 ***********************************Ind** =035 ##$$a0010-061300000037223 =041 ##$$a Ind =082 ##$$a 612.3 =090 ##$$a 612.3, Sri w =100 ##$$a Sri Adiningsih =245 ##$$a Waspadai gizi balita anda, tip mengatasi anak sulit makan sulit sayur dan minum susu, Dr Hj Sri Adiningsih =260 ##$$a 2010 $b Jakarta =300 ##$$a 106 hlm, ilus, 22 cm =650 ##$$a Gizi =850 ##$$a NBPNMAT =990 ##$$a 21194851/BPAP-NTB/2014 =990 ##$$a 21194852/BPAP-NTB/2014 =990 ##$$a 0001/BPAP-NTB/20142014